<?xml version="1.0" encoding="UTF-8"?>
<collection xmlns:xsi="http://www.w3.org/2001/XMLSchema-instance" xsi:schemaLocation="http://www.loc.gov/MARC21/slim http://www.loc.gov/standards/marcxml/schema/MARC21slim.xsd" xmlns="http://www.loc.gov/MARC21/slim">
 <record>
  <leader>00000ctm a22000003a 4500</leader>
  <controlfield tag="001">UP-99796217612956379</controlfield>
  <controlfield tag="003">Buklod</controlfield>
  <controlfield tag="005">20190212175959.0</controlfield>
  <controlfield tag="006">m    |o  d |      </controlfield>
  <controlfield tag="007">ta</controlfield>
  <controlfield tag="008">190212s2015    xx     d     r    |||| u|</controlfield>
  <datafield tag="035" ind1=" " ind2=" ">
   <subfield code="a">(iLib)UPD-00397767670</subfield>
  </datafield>
  <datafield tag="040" ind1=" " ind2=" ">
   <subfield code="a">DMC</subfield>
   <subfield code="e">rda</subfield>
  </datafield>
  <datafield tag="041" ind1=" " ind2=" ">
   <subfield code="a">eng</subfield>
   <subfield code="a">tag</subfield>
  </datafield>
  <datafield tag="100" ind1="1" ind2=" ">
   <subfield code="a">Osido, Floren Camille B.</subfield>
   <subfield code="d">1993-</subfield>
   <subfield code="e">author.</subfield>
  </datafield>
  <datafield tag="245" ind1="1" ind2="0">
   <subfield code="a">Arugang salu-salo, para kay lola't lolo</subfield>
   <subfield code="b">intergenerational solidarity in elderly grandparent care as discussed within Filipino families from selected cities of Metro Manila</subfield>
   <subfield code="c">Floren Camille B. Osido, Ma. Gabrielle T. Pantaleon.</subfield>
  </datafield>
  <datafield tag="264" ind1=" " ind2="1">
   <subfield code="c">2015.</subfield>
  </datafield>
  <datafield tag="300" ind1=" " ind2=" ">
   <subfield code="a">xiv, 166 leaves.</subfield>
  </datafield>
  <datafield tag="336" ind1=" " ind2=" ">
   <subfield code="a">text</subfield>
   <subfield code="2">rdacontent</subfield>
  </datafield>
  <datafield tag="337" ind1=" " ind2=" ">
   <subfield code="a">unmediated</subfield>
   <subfield code="2">rdamedia</subfield>
  </datafield>
  <datafield tag="338" ind1=" " ind2=" ">
   <subfield code="a">volume</subfield>
   <subfield code="2">rdacarrier</subfield>
  </datafield>
  <datafield tag="500" ind1=" " ind2=" ">
   <subfield code="a">Vita.</subfield>
  </datafield>
  <datafield tag="502" ind1=" " ind2=" ">
   <subfield code="a">Thesis (A.B. Communication Research)--University of the Philippines Diliman</subfield>
   <subfield code="d">2015.</subfield>
  </datafield>
  <datafield tag="520" ind1="3" ind2=" ">
   <subfield code="a">&quot;This study looks at how elderly grandparent care is discussed and carried out whithin multigenerational families from selected cities of Metro manila, namely Quezon City, Muntinlupa City, and Pasig City. The elderly have been known to be domestic concern, given our culture of filial piety, wherein younger generations have the responsibility of taking care of the elderly. Another factor of the insufficiency of government provisions and benefits for the elederly. Using Bangston's intergenerational solidarity paradigm, we wanted to discover the positive family dynamics behind elderly grandparent care. Using the focus interview method, we looked at the family's daily routine, bonding activities, relationship closeness, perceptions of elderly care and what care they provided, and the degree of participation of the elderly grandparent in carrying out this said care. Based on our findings, elderly care is a complex concept that goes beyond the process as it involves several components. Planning for care was also done spontaneously and only when needed, and we found that there is interplay between the concern of the family carrying out the acre and the elderly still wanting to be independent of their family members' care while they are still capable of doing things on their own. This relationship illustrates a paradox that is meant to be balanced and managed between both concerned groups.&quot;</subfield>
  </datafield>
  <datafield tag="650" ind1=" " ind2="0">
   <subfield code="a">Older people</subfield>
   <subfield code="x">Care.</subfield>
  </datafield>
  <datafield tag="650" ind1=" " ind2="0">
   <subfield code="a">Older people</subfield>
   <subfield code="x">Home care.</subfield>
  </datafield>
  <datafield tag="650" ind1=" " ind2="0">
   <subfield code="a">Families</subfield>
   <subfield code="z">Philippines.</subfield>
  </datafield>
  <datafield tag="650" ind1=" " ind2="0">
   <subfield code="a">Family relationships</subfield>
   <subfield code="z">Philippines.</subfield>
  </datafield>
  <datafield tag="700" ind1="1" ind2=" ">
   <subfield code="a">Osido, Floren Camille B.</subfield>
   <subfield code="e">author.</subfield>
  </datafield>
  <datafield tag="700" ind1="1" ind2=" ">
   <subfield code="a">Pantaleon, Ma. Gabrielle T.</subfield>
   <subfield code="e">author.</subfield>
  </datafield>
  <datafield tag="700" ind1="1" ind2=" ">
   <subfield code="a">Cubelo, Julienne Thesa Baldo</subfield>
   <subfield code="e">adviser.</subfield>
  </datafield>
  <datafield tag="710" ind1="2" ind2=" ">
   <subfield code="a">University of the Philippines Diliman.</subfield>
   <subfield code="b">College of Mass Communication.</subfield>
  </datafield>
  <datafield tag="905" ind1=" " ind2=" ">
   <subfield code="a">FI</subfield>
  </datafield>
  <datafield tag="905" ind1=" " ind2=" ">
   <subfield code="a">UP</subfield>
  </datafield>
  <datafield tag="852" ind1="0" ind2=" ">
   <subfield code="a">UPD</subfield>
   <subfield code="b">DMC</subfield>
  </datafield>
  <datafield tag="942" ind1=" " ind2=" ">
   <subfield code="a">Thesis</subfield>
  </datafield>
 </record>
</collection>
